समाज प्रवर्तक आणि बहुजन उद्धारक मानवतावादी काशीराम (Record no. 1070423)

MARC details
000 -LEADER
fixed length control field 00848nam a2200193Ia 4500
008 - FIXED-LENGTH DATA ELEMENTS--GENERAL INFORMATION
fixed length control field 151119s9999||||xx |||||||||||||| ||und||
082 ## - DEWEY DECIMAL CLASSIFICATION NUMBER
Classification number 923.254
082 ## - DEWEY DECIMAL CLASSIFICATION NUMBER
Item number GKKV17230
100 ## - MAIN ENTRY--PERSONAL NAME
Personal name गजभिये अशोक
245 ## - TITLE STATEMENT
Title समाज प्रवर्तक आणि बहुजन उद्धारक मानवतावादी काशीराम
260 ## - PUBLICATION, DISTRIBUTION, ETC. (IMPRINT)
Place of publication, distribution, etc --
260 ## - PUBLICATION, DISTRIBUTION, ETC. (IMPRINT)
Name of publisher, distributor, etc --
260 ## - PUBLICATION, DISTRIBUTION, ETC. (IMPRINT)
Date of publication, distribution, etc 0
600 ## - SUBJECT ADDED ENTRY--PERSONAL NAME
Personal name गजभिये अशोक
630 ## - SUBJECT ADDED ENTRY--UNIFORM TITLE
Uniform title समाज प्रवर्तक आणि बहुजन उद्धारक मानवतावादी काशीराम
700 ## - ADDED ENTRY--PERSONAL NAME
Personal name गजभिये अशोक
730 ## - ADDED ENTRY--UNIFORM TITLE
Uniform title समाज प्रवर्तक आणि बहुजन उद्धारक मानवतावादी काशीराम
942 ## - ADDED ENTRY ELEMENTS (KOHA)
Koha item type Book
Holdings
Withdrawn status Lost status Damaged status Not for loan Home library Current library Date acquired Cost, normal purchase price Total Checkouts Full call number Barcode Date last seen Cost, replacement price Price effective from Koha item type
        G.K. Khandekar Vachanalaya, Mulund G.K. Khandekar Vachanalaya, Mulund 09/06/2012 0.00   GKKV17230 GKKV17230 11/19/2015 0.00 11/19/2015 Book